En el camino: los conductores de camiones de carga y sus condiciones laborales
Guardat en:
| Autor principal: | |
|---|---|
| Format: | Llibre |
| Idioma: | espanyol |
| Publicat: |
Santiago
Dirección del Trabajo
2011
|
| Col·lecció: | Cuaderno de Investigación, 41
|
| Matèries: | |
| Etiquetes: |
Afegir etiqueta
Sense etiquetes, Sigues el primer a etiquetar aquest registre!
|
MARC
| LEADER | 00000cam a2200000 a 4500 | ||
|---|---|---|---|
| 001 | UCG9891 | ||
| 003 | CL-VaPUC | ||
| 008 | 120412e20111200CL |||||||||||||||||spa|d | ||
| 020 | |a 9789567978099 | ||
| 082 | 0 | 4 | |a 331.25 |b MOR |2 21 |
| 100 | |a Morales Varas, Gabriela |e autora |9 579776 | ||
| 245 | 1 | 0 | |a En el camino: los conductores de camiones de carga y sus condiciones laborales |
| 300 | |a 135 p | ||
| 942 | |c BK | ||
| 945 | |d 20120412 00:00:00 |a dcastane | ||
| 260 | |a Santiago |b Dirección del Trabajo |c 2011 | ||
| 650 | 7 | |a CONDICIONES LABORALES |2 CL-VaPUC |9 381428 | |
| 650 | 7 | |a JORNADA DE TRABAJO |2 CL-VaPUC |9 388087 | |
| 650 | 7 | |a CAMIONES |2 CL-VaPUC |9 561637 | |
| 650 | 7 | |a CONDUCTORES |2 CL-VaPUC |9 327717 | |
| 583 | |a last modification |c 20120412 10:24:00 |k Rodrigo Vera | ||
| 490 | 0 | |a Cuaderno de Investigación, 41 | |
| 999 | |c 347417 |d 347415 | ||
| 952 | |0 0 |1 0 |4 0 |6 331_250000000000000_MOR_2011 |7 0 |8 A |9 448725 |a BIBGIM |b BIBGIM |d 2019-11-22 |i 4851331 |o 331.25 MOR 2011 |p 4851331 |r 2025-01-15 |w 2019-11-22 |y BK |k SSL | ||